000
00310nam a22001337a 4500
008
170412b xxu||||| |||| 00| 0 eng d
020
_a
0534589960
041
_a
eng
080
_a
612.39
100
_a
10
101
_a
SHM
245
_a
UNDERSTANDING NORMAL AND CLINICAL NUTRITION
_c
WHITNEY
942
_2
udc
_c
BK
999
_c
10498
_d
10498